000 00595nam a22001697a 4500
003 JO-AjAnu
005 20240330102911.0
008 240330b jo ||||| |||| 00| 0 ara d
040 _aJO-AjAnu
_canu
041 _aara
111 _aمؤتمر مجمع اللغة العربية
_965177
245 _aالمؤتمر السنوي لعام 2021 لمجمع اللغة العربية الأردني
260 _cالأردن :
_aمجمع اللغة العربية الأردني،
_b2021
300 _a348 ورقة
611 4 0 _aاللغة العربية
_cعمان
_965178
942 _2lcc
_cREF
_n0
999 _c33369
_d33369